000 00581nam a2200145 a 4500
008 120416s1966 ||||||||||||||||| || u
050 _aHM 131 Tho
100 _aThompson, James D
245 1 0 _aOrganizational design and research
_cedited by J.D. Thompson
246 _aapproaches to organizational design...
260 _a[Pittisburgh]
_bUniversity of Pittisburgh Press
_c[1966]
300 _ax, 211p. : ill.
350 _a0.00
995 _D0.00
_FCBU-MAIN LIBRARY (Kitwe)
_H1
_I0.00
_UAVAILABLE
_ZAnnex Low-Usage Collection
999 _c52886
_d52886